"The Bridge" by d4vd - Statistics

General Stats
  • This quiz has been taken 20 times
  • The average score is 207 of 282
Answer Stats
Hint Answer % Correct
a
100%
can't
100%
I
100%
| verse 1 The
100%
the
100%
you
100%
You
100%
and
93%
to
93%
To
93%
bridge,
87%
x6 go,
87%
it
87%
my
87%
myself
87%
that
87%
That
87%
there's
87%
up,
87%
up
87%
Chorus Enough,
80%
get
80%
kill
80%
me
80%
Pre-Chorus over
80%
Pre-Chorus Over
80%
see
80%
shut
80%
water,
80%
water
80%
what
80%
'cause
73%
I'm
73%
seem
73%
so
73%
we
73%
dark,
67%
for
67%
I'd
67%
in,
67%
in
67%
just
67%
not
67%
that's
67%
way,
67%
way
67%
when
67%
all
60%
all,
60%
find
60%
x6 let
60%
Like
60%
love
60%
of
60%
on
60%
reason
60%
tell
60%
thought
60%
was
60%
always
53%
complicated
53%
complicated,
53%
Don't
53%
fear
53%
got
53%
it's
53%
It's
53%
keep
53%
know
53%
loss,
53%
make
53%
now
53%
simple,
53%
sink
53%
waves
53%
after
47%
away
47%
before
47%
capture
47%
fault
47%
gave
47%
holdin'
47%
stay,
47%
ah
40%
But
40%
chose
40%
faster,
40%
feel,
40%
Gone,
40%
rising
40%
stuck
40%
succumb
40%
threw
40%
ways,
40%
fakin'
33%
screamin'
33%
seperate
33%
Walk
33%
Climbin'
27%
ladder,
27%
at
20%
louder
13%
No matching quizzes found
Score Distribution
Percent of People with Each Score
Percentile by Number Answered
Your Score History
You have not taken this quiz